Obce okresu Hradec Králové - Statistics

General Stats
  • This quiz has been taken 27 times
  • The average score is 17 of 104
Answer Stats
Počet obyvatel Odpověď % Correct
93 906 Hradec Králové
100%
183 Hrádek
100%
5 851 Třebechovice pod Orebem
63%
5 592 Chlumec nad Cidlinou
58%
2 428 Nechanice
58%
7 212 Nový Bydžov
58%
3 121 Smiřice
53%
2 187 Stěžery
42%
1 804 Všestary
42%
1 803 Vysoká nad Labem
42%
2 475 Černilov
37%
1 938 Předměřice nad Labem
37%
445 Blešno
32%
298 Libřice
32%
1 132 Praskačka
32%
1 121 Černožice
26%
576 Dobřenice
26%
654 Librantice
26%
402 Nové Město
26%
316 Sadová
26%
307 Urbanice
26%
413 Běleč nad Orlicí
21%
277 Divec
21%
510 Jeníkovice
21%
646 Kratonohy
21%
1 050 Lhota pod Libčany
21%
943 Libčany
21%
587 Lochenice
21%
220 Máslojedy
21%
992 Nepolisy
21%
617 Prasek
21%
434 Sendražice
21%
1 563 Smidary
21%
310 Jílovice
16%
348 Ledce
16%
169 Libníkovice
16%
838 Roudnice
16%
1 178 Skřivany
16%
229 Sovětice
16%
435 Starý Bydžov
16%
455 Syrovátka
16%
437 Výrava
16%
294 Barchov
11%
440 Dohalice
11%
748 Dolní Přím
11%
927 Holohlavy
11%
419 Humburky
11%
257 Kobylice
11%
350 Kosice
11%
344 Kosičky
11%
380 Kunčice
11%
221 Lejšovka
11%
427 Lodín
11%
191 Myštěves
11%
446 Mžany
11%
556 Osice
11%
670 Skalice
11%
520 Sloupno
11%
317 Stračov
11%
265 Zachrašťany
11%
122 Benátky
5%
602 Boharyně
5%
268 Chudeřice
5%
191 Čistěves
5%
324 Habřina
5%
738 Hlušice
5%
175 Hněvčeves
5%
716 Hořiněves
5%
332 Hvozdnice
5%
208 Káranice
5%
419 Klamoš
5%
399 Králíky
5%
159 Lišice
5%
734 Lovčice
5%
131 Lužany
5%
525 Lužec nad Cidlinou
5%
642 Měník
5%
337 Ohnišťany
5%
380 Olešnice
5%
153 Osičky
5%
295 Petrovice
5%
363 Převýšov
5%
540 Smržov
5%
346 Světí
5%
404 Těchlovice
5%
77 Vrchovnice
5%
102 Vysoký Újezd
5%
167 Zdechovice
5%
215 Babice
0%
240 Mlékosrby
0%
364 Mokrovousy
0%
378 Naděliště
0%
334 Obědovice
0%
299 Písek
0%
71 Pšánky
0%
114 Puchlovice
0%
147 Račice nad Trotinou
0%
203 Radíkovice
0%
136 Radostov
0%
110 Šaplava
0%
142 Stará Voda
0%
376 Střezetice
0%
276 Třesovice
0%
473 Vinary
0%
No matching quizzes found
Score Distribution
Percent of People with Each Score
Percentile by Number Answered
Your Score History
You have not taken this quiz